LEADER 00925nam a2200217 u 4500 001 000000062673 003 CaOOAMICUS 005 20070226121147.0 008 011008s1915 it af u000 u lat u 035 $a10905551 040 $aPUL(R)$bita 110 2 $aServi di Maria.$0(OLS)http://pul/name/23839 245 10$aPiccolo manuale del terz'ordine secolare dei Servi di Maria. 260 $aRoma :$btipografia pontificia nell'Istituto Pio IX,$c1915. 300 $a95 p. :$bant. ;$c15 cm 650 4$aOrdini religiosi.$0(OLS)http://pul/subject/1696 850 $aPUL 852 $aPUL$W1$xSL Religione 1$y3$m42 G 19$j81444$nBK-PRI$b $qStampati$B81444$CPULBib$Z2$F81444 $H $81 941 1 $a8 996 $6245$aPiccolo manuale del terz'ordine secolare dei Servi di Maria$9(OLS)http://pul/title/83607 996 $6260$aRoma :$btipografia pontificia nell'Istituto Pio IX$9(OLS)http://pul/publisher/70423 LEADER 01464nam a2200277 u 4500 001 000000066095 003 CaOOAMICUS 005 20070226121534.0 008 020107s1993 it u000 u ita u 020 $a8810406648 035 $a10915332 040 $aPUL(R)$bita 245 00$aAnnunciare celebrare testimoniare :$bil Vangelo della carità in una pastorale organica: Atti del Convegno unitario dei responsabili diocesani degli Uffici catechistico, liturgico e Caritas (Assisi, 22-26 giugno 1992) 260 $aBologna :$bEDB,$c1993. 300 $a183 p. ;$c22 cm 490 1 $aFede e annuncio : ricerche di teologia pastorale ;$v26 504 $aNote bibliografiche. 650 4$aEvangelizzazione$xCongressi.$0(OLS)http://pul/subject/8139 830 0$aFede e annuncio : ricerche di teologia pastorale (EDB) ;$v26.$0(OLS)http://pul/title/60847 850 $aPUL 852 $aPUL$W1$xSL Religione 2$y84$mRH E 13$j85462$nBK-PRI$b $qStampati altre collocazioni$B85462$CPULBib$Z2$F85462 $H $81 941 1 $a10 961 $aINV: 70399 996 $6020$a8810406648$9(OLS)http://pul/number/85734 996 $6245$aAnnunciare celebrare testimoniare :$bil Vangelo della carità in una pastorale organica: Atti del Convegno unitario dei responsabili diocesani degli Uffici catechistico, liturgico e Caritas (Assisi, 22-26 giugno 1992)$9(OLS)http://pul/title/87821 996 $6260$aBologna :$bEDB$9(OLS)http://pul/publisher/56073